| 000 | 01070cam a22002054a 4500 | ||
|---|---|---|---|
| 005 | 20250605164025.0 | ||
| 008 | 250528s ||||||||||||||||||||||||d | ||
| 035 | _a16501 | ||
| 020 | _a9607014464 | ||
| 040 |
_aGR-AtMCL _bgre _dGR-AtMCL _eAACR2 |
||
| 245 | 1 | _aΟμοιοπαθητική / Πρακτικός Οδηγός | |
| 260 | _c1997 | ||
| 300 | _a60 | ||
| 520 | _aΈνα απαραίτητο εργαλείο για καλή υγεία με διαχρονική χρησιμότητα. Τι Είναι η Ομοιοπαθητική, Ιστορική Αναδρομή, Πώς Δρα η Ομοιοπαθητική, Τα Συμπτώματα στην Ομοιοπαθητική, Θεραπευτική Αγωγή, Ομοιοπαθητικές Τεχνικές, Φαρμακολογία, Οικιακή Χρήση, Σύνηθεις Παθήσεις, Τι Άλλο να Διαβάσετε, Χρήσιμες Διευθύνσεις. | ||
| 700 | 1 |
_aCassandra Marks _92596 |
|
| 700 | 1 |
_aMarks Cassandra _92597 |
|
| 942 | _cBK | ||
| 999 |
_c1995 _d1995 |
||